MDQL
is popping MORE tags! Check the
thread
!
Quizzes
Events
Quiz Creation
Community
Videos
Private Events
Remove Ads
Sign In
Join for FREE
Feedback
Dark Mode
Quiz Categories
Sports
Geography
Music
Movies
Television
Just For Fun
Miscellaneous
History
Literature
Language
Science
Gaming
Entertainment
Religion
Holiday
For Kids
Quiz Lab
Recent
Popular Today
Quiz Kudos Today
Editor Picks
Curator Picks
Quizzes by...
Day
Popularity
Type
Ratings
Length
Year
Community
Subscriptions
Recent Discussions
Orange Saloon
Badges
Playlists
Quests
Create
Leaderboards
Showdown
Live 5
Trivia Bingo
Activity
Puzzle Library
Sporcle Events
Private Events
Virtual Trivia
Globe League
Become a Host
Pub Owners
SporcleCon
Opinionation
Our Games
Videos
Blog
Mobile Apps
Partnerships
Remove Ads and Go Orange
Feedback
Music
Pop Music
The Beatles
Song
Album
Lyrics
Bands
Singers
Artist
Clip
Rock
Rap
Classical
Billboard
Country Music
Kpop
Taylor Swift
Music
Pop Music
The Beatles
Song
Album
Lyrics
Bands
Singers
Artist
Clip
Rock
Rap
Classical
Billboard
Country Music
Kpop
Taylor Swift
Random Quiz
Search Sporcle
×
Quiz Lab
Quiz Lab
Music
Song
Type in answers that appear in a list
Type in answers that appear in a list
Classic
Best Score? Go Orange.
100 Nine Inch Nails songs Stats
Can you name the Nine Inch Nails songs (100 songs)?
By
APN342
15m
100 Questions
2,102 Plays
2,102 Plays
2,102 Plays
Comments
Comments
Give Quiz Kudos
Give Quiz Kudos
-
- Ratings
hide this ad
Replay
Link that replays current quiz
Next Quiz
Link to next quiz in quiz playlist
You Got
0%
They Got
Avg Score
62%
Avg Friend Score
Upgrade to see
Score Distribution
Jump to the score distribution portion of the page
Score
0/100
Timer
15:00
0
Plays Today
% Correct
Head Like A Hole
93.9%
Closer
93.5%
Hurt
92.4%
March of the Pigs
89.2%
Piggy
88.2%
Wish
86.3%
Only
84.5%
Sin
84.1%
Reptile
83.5%
The Downward Spiral
83.3%
Mr. Self Destruct
83.1%
Terrible Lie
82.8%
Down In It
82.3%
The Fragile
81.1%
The Hand That Feeds
80.4%
With Teeth
79.7%
Heresy
79.1%
Happiness In Slavery
79%
Something I Can Never Have
78.4%
The Perfect Drug
78.2%
Ringfinger
78%
Pinion
77.1%
Starf*ckers, Inc.
76.3%
Big Man With A Gun
75%
Eraser
74.5%
We're In This Together
74%
1,000,000
71.4%
Ruiner
71.1%
Suck
70.7%
Last
70.5%
La Mer
70.4%
A Warm Place
70.3%
The Wretched
69.5%
The Day the World Went Away
69.4%
% Correct
Survivalism
69.4%
Gave Up
69%
Burn
68.1%
The Becoming
67.8%
999,999
67.7%
Sanctified
67.2%
Capital G
67.1%
Every Day Is Exactly The Same
67%
Help Me I Am In Hell
67%
Physical (You're So)
66.8%
Somewhat Damaged
66.2%
The Frail
65.6%
Into The Void
65.2%
Sunspots
64.8%
All The Love In The World
64.6%
Dead Souls
64.2%
Discipline
63.7%
Kinda I Want To
59.5%
I Do Not Want This
59.1%
The Only Time
59%
Get Down Make Love
58.2%
Right Where It Belongs
58%
The Great Below
58%
Hyperpower!
56%
Deep
55.6%
The Collector
55.5%
Echoplex
55.2%
That's What I Get
53.2%
The Good Soldier
52.9%
Zero-Sum
52.8%
Beside You In Time
52.3%
Ripe (With Decay)
52%
Metal
51.5%
The Great Destroyer
51.4%
% Correct
The Beginning Of The End
50.7%
Just Like You Imagined
49.7%
Even Deeper
49.6%
You Know What You Are
49.3%
No, You Don't
49%
Pilgrimage
47.9%
Please
47.3%
Where Is Everybody
47.2%
Corona Radiata
46.9%
The Four Of Us Are Dying
46.6%
Demon Seed
46.4%
Me, I'm Not
46.3%
The Big Come Down
46.3%
In This Twilight
46.3%
Lights In The Sky
46.1%
Love Is Not Enough
45.8%
Head Down
45.8%
Getting Smaller
45.7%
Vessel
45.4%
The Line Begins To Blur
45.1%
Letting You
44.9%
The Way Out is Through
44.6%
God Given
43%
I'm Looking Forward To Joining You, Finally
42.8%
Complication
41.4%
Meet Your Master
40.4%
The Mark Has Been Made
39.5%
Underneath It All
39%
My Violent Heart
38%
The Warning
37%
The Greater Good
36.4%
Another Version Of The Truth
36.1%
Quiz Playlist
Details
Report
Send in Message
Add To Playlist
Classic:
Type in answers that appear in a list
Last Updated: Feb 16, 2017
Quiz Scoreboard
CHALLENGE
Sign Up to Join the Scoreboard
Show All
Scores
Hide
Comments
May contain spoilers
Recently Published
1-10 Letter E Words III
by El_Dandy
Language
2m
Street Fighter Characters
by Artimus82
Gaming
60s
College Basketball Coaching Resumes
by pancakes188
Sports
9m
More to Explore
Quiz From the Vault
Featured Blog Post
Where Did the Easter Bunny Come From?
hide this ad
You Might Also Like...
Tags
Song Quiz
100
inch
nail
nine
Nine Inch Nails
Today's Top Quizzes in Music
Browse Music
hide this ad
Today's Top Quizzes in Song
Browse Song
Top Contributed Quizzes in Music
1
Taylor Swift All Songs (2024)
2
Taylor Swift Logic Puzzle
3
Guess the Artist- 70s Songs
4
7-to-1: Billboard Hot 100 #1 Hits of 2010s
5
Sorting Albums and Songs
6
KPOP LOGIC QUIZ
7
Billboard Blitz: Aretha Franklin
8
Guess the Taylor Swift song (Mystery Song)
9
Guess The Taylor Swift Lyrics Song #1
10
Billboard Blitz: ABBA
Explore More
Trending Topics
Kpop
Crossword
NBA
Disney
Harry Potter
Anime
Marvel
Puzzle
Country
WWE
Song
Soccer
NFL
The Office
Pokémon
hide this ad
More By:
APN342
Quiz
Plays
Rating
Category
Featured
Created
100 Nine Inch Nails songs
2,102
4.82
Music
Nov 11, 2009
Industrial bands based on song titles
134
3.00
Music
May 8, 2010
Stabbing Westward songs
47
5.00
Music
Nov 17, 2009
Go to Creator's Profile
Score Distribution
Quiz Creator Spotlight
APN342
Follow
Send a Message
Quizzes Created
-
Created Quiz Play Count
-
More By This Creator
Popular Quizzes Today
1
Find the US States - No Outlines Minefield
2
Find the Countries of Europe - No Outlines Minefield
3
The Countries of the World
4
Find the US States
5
Risky Map Clicking: Biggest States A-Z
6
US States
7
Popular People in 1961
8
Movies - When Are They Set?
More Music Quizzes
3-Word Song Titles: Bruce Springsteen
Curator's Pick
Trending Quizzes
Risky Map Clicking: Least Populous States A-Z
USA Borders Longest to Shortest
1-10 Letter G Words
1-10 Letter F Words
Countries of the World: 200 Million BC
Recently Updated
Beyoncé Albums
pecheneg
Leaping Animals
pecheneg
Reality TV Shows (A-Z)
bhenderson79
Rickey Henderson's Hall of Fame Teammates
pecheneg
Champions League XIs: Arsenal
pecheneg
Quick Pick: Celebrities in WWE's Hall of Fame
aduchscher
A-Z Keypad Blitz II
pecheneg
Multiple Oscar Actors
pecheneg
Mystery Phrase Blitz: Oscar 'Best Actors'
pecheneg
F. Scott Fitzgerald Novels
LTH
Trending Topics
Anime
Crossword
Disney
Kpop
NBA
Marvel
Harry Potter
Country
Song
Soccer
Puzzle
NFL
Pokémon
The Office
WWE
Your Account Isn't Verified!
In order to create a playlist on Sporcle, you need to verify the email address you used during registration. Go to your
Sporcle Settings
to finish the process.
Report this User
Report this user for behavior that violates our
Community Guidelines
.
Details:
Send Report
Go to the Sporcle.com Mobile Site →
Comments